000 00803nam a22001817a 4500
999 _c62478
_d62478
003 Ge_BSU
005 20241115151053.0
008 241115s1939 ge ||||| |||| 00| 0 geo d
041 _ageo
080 _a616.89(075.32) კ-73
100 _aკონსტორუმი, ს.ი.
_923706
245 _aფსიქიატრიის სახელმძღვანელო ფერშალთათვის /
_cს.ი. კონსტორუმი.
264 _aთბილისი :
_b საქმედგამი,
_c1939.
300 _a324 გვ. :
_b სურ. ;
_c22 სმ.
653 _aფსიქიატრიის სახელმძღვანელოები ფერშლებისათვის.
653 _aმედიცინა
942 _2udc
_cBK